000 00485 a2200169 4500
003 OSt
005 20231215161802.0
008 231215b |||||||| |||| 00| 0 eng d
020 _a9789350725771
040 _coclc
082 _a891.43109
_bSIN/K
100 _aSingh, Dileep
_910141
245 _aKAVITA PATH VIMARSH /
_cDileep Singh
260 _aNew Delhi:
_bVani Prakashan,
_c2012.
300 _a144p
942 _2ddc
_cBK
_h891.43109
_iSIN/K
_k891.43109
_mSIN/K
999 _c43437
_d43437